000 00592nam a2200181Ia 4500
008 100920s9999 xx 000 0 und d
082 _b60272
_a24 थ 93
100 _aकर्णिक मधुमंगेश.
245 _aपुण्याई /भोवरा.
260 _bनवचैतन्य प्रकाशन मुंबई.
_c1993
300 _a128
_bसाधी
365 _b50
520 _aसायो.
630 _aपुण्याई /भोवरा.
650 _aसायो.
730 _aपुण्याई /भोवरा.
942 _cBOOK
999 _c703560
_d703557